000 01120nam a2200277 i 4500
001 177335
003 ES-MaACL
005 20260213134531.0
007 t|
008 110316s1975 sp af ||||1| spa d
020 _a84-256-0270-X
080 _a74 Parra, Ginés
080 _a75 Parra, Ginés
100 1 _aParra, Ginés,
_d1896-1960
_9145661
245 1 0 _aDibujos de Parra /
_cpor Agustín Rodríguez Sahagún.
260 _aMadrid :
_bIbérico Europea de Ediciones,
_cD. L. 1975.
300 _a[40] p. :
_bprincipalmente il. bl. y n. ;
_c31 cm.
490 1 _aMaestros contemporáneos del dibujo y la pintura ;
_v39
500 _aEncuadernado con otros títulos.
597 _aEn el lomo: Zacarías González, Pedro Gastó, Baeza, Miguel Villà, Benet, García Llort, Joan Brotat, Mariano Peláez, Ginés Parra, Sobrado.
600 1 7 _aParra, Ginés,
_d1896-1960
_2
_9145661
700 _aRodríguez Sahagún, Agustín,
_d1932-1991
_9240884
830 0 0 _aMaestros contemporáneos del dibujo y la pintura
_v39
_9190405
852 _aES-MaACL
_jE-14689 (9)
_xOlim P-1071
999 _c177335
_d177335